000 00856nam a2200277Ia 4500
003 OSt
005 20220918222123.0
006 a|||||r|||| 00| 0
007 ta
008 220917b |||||||| |||| 00| 0 eng d
024 _a215,807
037 _cTextual
040 _aARTS
_cARTS
_beng
041 _2eng
_aeng
082 _aQ4:23, N4
100 _aRinpoche Khenchen Thrangu
_9142282
245 0 _aUttara tantra
_b A treatise on buddha nature, a commentary on the uttara tantra sastra of asanga
260 _aDelhi
_bSri Satguru pub.
_c1994
300 _ax, 200 p
_ccm.
490 _aBibliotheca Indo-Buddhica; 131
650 _aRELIGION
700 _a Holmes Katia Tr.
_9142283
700 _a Ken Tr.
_9142284
942 _hQ4:23, N4
_cTEXL
_2CC
999 _c274644
_d274644